000 00872cam a22002771 4500
001 35409
003 BD-RjUL
005 20211209052321.0
008 140618s1963 paua b 001 0 eng d
035 _a(BD-RjUL)35503
035 _a(OCoLC)419538
040 _aDLC
_cODaWU
_dOCoLC
_dBD-RjUL
_beng
041 _aeng
082 _a970.5
_bFRM 1963
100 1 _aFritz, Henry Eugene
_9110215
245 1 4 _aThe movement for Indian assimilation, 1860-1890 /
260 _aPhiladelphia :
_bUniversity of Pennsylvania Press,
_c1963.
300 _a244 p. :
_billus. ;
_c22 cm.
504 _aIncludes bibliography and index.
650 0 _aIndians of North America
_xGovernment relations.
_9106211
650 0 _aIndians, Treatment of
_zUnited States.
_9106210
650 0 _aAssimilation (Sociology)
_9105498
942 _2ddc
_cBK
999 _c35409
_d35409